| 000 | 00764nam a2200205 a 4500 | ||
|---|---|---|---|
| 005 | 20210219160259.0 | ||
| 008 | 081006s1994 mx r 000 0 spa d | ||
| 035 | _aUPN01000162262 | ||
| 049 | _aUNE | ||
| 080 | _a378.3 (82) "1994" GIN. | ||
| 100 | 1 | _aGinestar, Angel | |
| 245 | 1 | 0 |
_aCostos educacionales para la administración financiera universitaria : _bpautas para presupuestar / _cpor Angel Ginestar. |
| 260 |
_aBuenos Aires : _bEDIUNC : _bCITAF-OEA : _bINAP, _c1994. |
||
| 300 |
_a200 p. : _bil. |
||
| 500 | _aIncluye bibliografía | ||
| 690 | _aCostos educacionales - Universidades | ||
| 690 | _aArgentina - Costos educacionales - Universidades | ||
| 710 | 2 |
_aOEA. _bCentro Interamericano de Tributación y Administración Financiera |
|
| 905 | _aUNESCO | ||
| 999 |
_c134375 _d134375 |
||